000 00917nas a2200301 4500
001 BR9213278
003 BR-BrBNA
005 20231205095243.0
007 ta
008 230509b bl.|||p| |||| 00| 00por d
040 _aBR-BrBNA
_bpor
_cBiblioteca Nacional de Agricultura
041 _a(Pt)
072 _aH10
100 1 _aGravena, S.
100 1 _aFernandes, O.D.
100 1 _aSantos, A.C.
100 1 _aPinto, A.S.
100 1 _aPaiva, P.S.B.
245 1 _aEfeito de buprofezin e abamectin sobre Pentilia eyena (Muls.)(Coleoptera, Coccinelidae)e crisopideos em citros
650 _aFruta Citrica
650 _aColeoptero
650 _aNeuroptera
650 _aDefensivo
650 _aControle Quimico
773 0 _tAnais da Sociedade Entomologica do Brasil (Brazil)
_xISSN 0301-8059
_g(1992), v. 21(1) p. 215-222
_wBR9213278
909 _a202311
_bLúcia
_c55
_dLúcia Elande
942 _2AGRIS
_n0
_cANA
999 _c149620
_d149620